Viaje a pie y la critica internacional (Registro nro. 230239)
[ vista simple ]
| 001 - NÚMERO DE CONTROL | |
|---|---|
| campo de control | 732973 |
| 005 - FECHA Y HORA DE LA ÚLTIMA TRANSACCIÓN | |
| campo de control | 20241011090607.0 |
| 008 - DATOS DE LONGITUD FIJA--INFORMACIÓN GENERAL | |
| campo de control de longitud fija | 020424e19300301 spa |
| 035 ## - NÚMERO DE CONTROL DEL SISTEMA | |
| Número de control de sistema | 732973 |
| 035 ## - NÚMERO DE CONTROL DEL SISTEMA | |
| Número de control de sistema | (OCoLC)819942239 |
| 040 ## - FUENTE DE LA CATALOGACIÓN | |
| Centro/agencia transcriptor | comduadb |
| 041 ## - CÓDIGO DE LENGUA | |
| Código de lengua del texto/banda sonora o título independiente | spa |
| 100 10 - ENTRADA PRINCIPAL--NOMBRE DE PERSONA | |
| Nombre de persona | Yepes Morales, Jesus Maria |
| Código de función | aut |
| Término indicativo de función/relación | Autor/a |
| 9 (RLIN) | 507044 |
| 245 10 - MENCIÓN DE TÍTULO | |
| Título | Viaje a pie y la critica internacional |
| 650 ## - PUNTO DE ACCESO ADICIONAL DE MATERIA--TÉRMINO DE MATERIA | |
| Término de materia o nombre geográfico como elemento de entrada | González, Fernando, 1895-1964. Viaje a pie |
| 9 (RLIN) | 65983 |
| 650 #7 - PUNTO DE ACCESO ADICIONAL DE MATERIA--TÉRMINO DE MATERIA | |
| Término de materia o nombre geográfico como elemento de entrada | Reseñas bibliográficas |
| Fuente del encabezamiento o término | embne |
| 9 (RLIN) | 31513 |
| 650 #7 - PUNTO DE ACCESO ADICIONAL DE MATERIA--TÉRMINO DE MATERIA | |
| Término de materia o nombre geográfico como elemento de entrada | Autores colombianos |
| Subdivisión de forma | Biografías |
| Fuente del encabezamiento o término | lemb |
| 9 (RLIN) | 195518 |
| 650 ## - PUNTO DE ACCESO ADICIONAL DE MATERIA--TÉRMINO DE MATERIA | |
| Término de materia o nombre geográfico como elemento de entrada | Cardaillac, Xavier de |
| 9 (RLIN) | 95104 |
| 650 #7 - PUNTO DE ACCESO ADICIONAL DE MATERIA--TÉRMINO DE MATERIA | |
| Término de materia o nombre geográfico como elemento de entrada | Traductores |
| Fuente del encabezamiento o término | armarc |
| 9 (RLIN) | 24828 |
| 650 ## - PUNTO DE ACCESO ADICIONAL DE MATERIA--TÉRMINO DE MATERIA | |
| Término de materia o nombre geográfico como elemento de entrada | Revue de L'Amerique Latine (Periodico) |
| 9 (RLIN) | 95108 |
| 650 ## - PUNTO DE ACCESO ADICIONAL DE MATERIA--TÉRMINO DE MATERIA | |
| Término de materia o nombre geográfico como elemento de entrada | La Critique (Periodico) |
| 9 (RLIN) | 95109 |
| 650 ## - PUNTO DE ACCESO ADICIONAL DE MATERIA--TÉRMINO DE MATERIA | |
| Término de materia o nombre geográfico como elemento de entrada | New York Herald (Periodico) |
| 9 (RLIN) | 95110 |
| 650 ## - PUNTO DE ACCESO ADICIONAL DE MATERIA--TÉRMINO DE MATERIA | |
| Término de materia o nombre geográfico como elemento de entrada | Chicago Sunday Tribune (Periodico) |
| 9 (RLIN) | 170761 |
| 650 ## - PUNTO DE ACCESO ADICIONAL DE MATERIA--TÉRMINO DE MATERIA | |
| Término de materia o nombre geográfico como elemento de entrada | Traducción literaria |
| 9 (RLIN) | 86546 |
| 650 #7 - PUNTO DE ACCESO ADICIONAL DE MATERIA--TÉRMINO DE MATERIA | |
| Término de materia o nombre geográfico como elemento de entrada | Autores antioqueños |
| Fuente del encabezamiento o término | lemb |
| 9 (RLIN) | 202942 |
| 700 10 - ENTRADA AGREGADA--NOMBRE PERSONAL | |
| Nombre de persona | Lopez Sanin, Jorge |
| Código de función | aut |
| Término indicativo de función/relación | Autor/a |
| 9 (RLIN) | 257923 |
| 773 0# - ENLACE AL DOCUMENTO FUENTE/ENTRADA DE REGISTRO ANFITRIÓN | |
| Título | Claridad : Revista Semanal (Medellín) |
| Parte(s) relacionada(s) | Claridad. Vol. 01, Nos. 01-20, Mar.-Jul. de 1930, Vol. 01, No. 01, Mar. 8, 1930, p. 15-17 |
| Número de control del registro | 719113 |
| Número bibliográfico anfitrión | 233607 |
| 942 ## - ELEMENTOS DE ENTRADA AGREGADA (KOHA) | |
| Tipo de ítem Koha | Artículo de Revista |
No hay ítems disponibles.